000 00756nam a2200229Ia 4500
003 OSt
005 20220923223932.0
006 a|||||r|||| 00| 0
007 ta
008 220922b |||||||| |||| 00| 0 pan d
024 _a223,583
037 _cTextual
040 _aARTS
_cARTS
_bpan
041 _2pan
_apan
082 _aO153,3N33:g, P4
100 _aਮਨਜਿੰਦਰ ਸਿੰਘ
_9156275
245 0 _aਅਸਤਿਤਵਵਾਦ ਤੇ ਗੁਰਦਿਆਲ ਸਿੰਘ ਦੇ ਨਾਵਲ
260 _aਅਮ੍ਰਿਤਸਰ
_b ਰਵਿ ਸਾਹਿਤ ਪ੍ਰਕਾFਨ
_c2004
300 _a176ਪੰ
_ccm.
942 _hO153,3N33:g, P4
_cTEXL
_2CC
999 _c368368
_d368368